Fr. Conceicao Rodrigues College of Engineering

Secuity +Guide to network security fundamentals (Record no. 26774)

MARC details
000 -LEADER
fixed length control field 00384nam a2200169Ia 4500
082 ## - DEWEY DECIMAL CLASSIFICATION NUMBER
Classification number 5.8
Item number CIA
100 ## - MAIN ENTRY--PERSONAL NAME
Personal name Ciampa/Mark
250 ## - EDITION STATEMENT
Edition statement 4
245 ## - TITLE STATEMENT
Title Secuity +Guide to network security fundamentals
260 ## - PUBLICATION, DISTRIBUTION, ETC.
Name of publisher, distributor, etc. Coursetech/Cengage Learing
Date of publication, distribution, etc. 2012
366 ## - TRADE AVAILABILITY INFORMATION
Publishers's discount category 25
300 ## - PHYSICAL DESCRIPTION
Extent 628
546 ## - LANGUAGE NOTE
Language note ENGLISH
-- Computers
650 ## - SUBJECT ADDED ENTRY--TOPICAL TERM
Topical term or geographic name entry element Network Security
942 ## - ADDED ENTRY ELEMENTS (KOHA)
Koha item type BOOK
Holdings
Withdrawn status Lost status Damaged status Not for loan Collection Home library Current library Date acquired Source of acquisition Cost, normal purchase price Inventory number Total Checkouts Full call number Barcode Date last seen Cost, replacement price Price effective from Koha item type
        CRC Fr. Agnel's C.Rodrigues College of Engineering Fr. Agnel's C.Rodrigues College of Engineering 17/03/2023 Allied Publishers 2402.40 2821 dt 19/02/2013   5.8 CIA 22567 17/03/2023 3203.20   BOOK